Picture Click Quiz - Harry Potter Match Characters to Objects - Statistics

General Stats
  • This quiz has been taken 140 times
  • The average score is 23 of 30
Answer Stats
Hint Answer % Correct
Harry Potter
Pleakly
88%
Peter Pettigrew
Maximus
86%
Argus Filch
Eeyore
84%
Nymphadora Tonks
Mrs. Potts
84%
Dobby
Tinkerbell
83%
Tom Riddle
Pascal
83%
Rowena Ravenclaw
Louis
83%
Luna Lovegood
Thumper
81%
Godric Gryffindor
Terk
81%
Lucius Malfoy
Bagheera
80%
Quirinus Quirrell
Tantor
80%
Xenophilius Lovegood
Panic
80%
Rita Skeeter
Jiminy Cricket
78%
Colin Creevey
Dopey
78%
Remus Lupin
Sven
78%
Albus Dumbledore
Ray
78%
Arthur Weasley
Sleepy
78%
Helga Hufflepuff
Bashful
78%
Nicolas Flamel
Heihei
77%
Salazar Slytherin
Flounder
77%
Rubeus Hagrid
Merryweather
72%
Ron Weasley
Bruni
71%
Neville Longbottom
Meeko
70%
Alastor "Mad-Eye" Moody
Olaf
70%
Draco Malfoy
Baloo
68%
Fred & George Weasley
Pegasus
68%
Ginny Weasley
Fauna
67%
Bellatrix Lestrange
Genie
65%
Dolores Umbridge
Gus
64%
Hermione Granger
Flit
64%
No matching quizzes found
Score Distribution
Percent of People with Each Score
Percentile by Number Answered
Your Score History
You have not taken this quiz